ALPHA AND OMEGA (Record no. 373704)

MARC details
000 -LEADER
fixed length control field 00344nam a2200145Ia 4500
008 - FIXED-LENGTH DATA ELEMENTS--GENERAL INFORMATION
fixed length control field 100122s9999 xx 000 0 und d
082 ## - DEWEY DECIMAL CLASSIFICATION NUMBER
Item number 45409
Classification number 823
100 ## - MAIN ENTRY--PERSONAL NAME
Personal name WHITTIER BERT
245 ## - TITLE STATEMENT
Title ALPHA AND OMEGA
260 ## - PUBLICATION, DISTRIBUTION, ETC. (IMPRINT)
Name of publisher, distributor, etc A GOLD EAGLE BOOK
Date of publication, distribution, etc 1988
300 ## - PHYSICAL DESCRIPTION
Extent 380
630 ## - SUBJECT ADDED ENTRY--UNIFORM TITLE
Uniform title ALPHA AND OMEGA
730 ## - ADDED ENTRY--UNIFORM TITLE
Uniform title ALPHA AND OMEGA
942 ## - ADDED ENTRY ELEMENTS (KOHA)
Koha item type Book
Holdings
Withdrawn status Lost status Damaged status Not for loan Home library Current library Date acquired Cost, normal purchase price Total Checkouts Full call number Barcode Date last seen Cost, replacement price Price effective from Koha item type Public note
        S.V. Pathak Library, Vile Parle S.V. Pathak Library, Vile Parle 06/25/1991 50.00   45409 SVPPARLE-45409 01/25/2010 50.00 01/25/2010 Book ", , General, NA"